000 00679nam a2200205 i 4500
001 183628
003 ES-MaACL
005 20250630032911.0
008 140910s1871 sp |||| | spa d
080 _a336.71(460.27 M.)(060.55)
110 2 _aBanco de España
_92104
245 1 0 _aMemoria leída en la Junta General de Accionistas del Banco de España el día 7 de marzo de 1871.
260 _aMadrid :
_b[s.n.],
_c1871 (
_fImp. de Miguel Ginesta)
300 _a31 p. ;
_c26 cm.
610 2 4 _aBanco de España-
_vMemorias.
_9144683
852 4 _aES-MaACL
_jT-111-F-6
852 4 _aES-MaACL
_jT-118-F-5
852 4 _aES-MaACL
_jT-151-F-3
999 _c183628
_d183628